Pretext for mass murder (Registro nro. 242334)

Detalles MARC
000 -ENCABEZADO
Número de control [NR] 01146cam a2200289Mi 4500
005 - FECHA Y HORA DE LA ÚLTIMA TRANSACCIÓN
control field 20140903175106.0
008 - DE LONGITUD FIJA DE DATOS DE ELEMENTOS - INFORMACIÓN GENERAL
Elementos de longitud fija [NR] 140514s2006 xxuab fr 001 0 spa d
020 ## - NUMERO INTERNACIONAL NORMALIZADO PARA LIBROS [R]
Número Internacional Normalizado del libro [NR] 0299220303
020 ## - NUMERO INTERNACIONAL NORMALIZADO PARA LIBROS [R]
Número Internacional Normalizado del libro [NR] 0299220346
020 ## - NUMERO INTERNACIONAL NORMALIZADO PARA LIBROS [R]
Número Internacional Normalizado del libro [NR] 9780299220341
040 ## - FUENTE DE CATALOGACION [NR]
Agencia de catalogación original [NR] NLGGCCO-BoUCM
Idioma de catalogación [NR] spa
Quien Cataloga Jose A. Gerena
Quien Clasifica Jose A. Gerena
041 ## - CODIGO DE IDIOMA [R]
Código de idioma para texto/pista de sonido o título separado [R] Inglés
100 1# - ASIENTO PRINCIPAL--NOMBRE PERSONAL [NR]
Nombre personal [NR] Roosa, John
ID Autoridad 61034
245 10 - MENCION DE TITULO [NR]
Título [NR] Pretext for mass murder
Parte restante del título [NR] the September 30th movement and suharto's coup d'état in Indonesia
Mención de responsabilidad, etc. [NR] John Roosa
260 ## - PUBLICACION, DISTRIBUCION, ETC. (PIE DE IMPRENTA) [R]
Lugar de publicación, distribución, etc. [R] Madison (Wisconsin, Estados Unidos)
Nombre del editor, distribuidor, etc. [R] University of Wisconsin press
Fecha de publicación, distribución, etc. [R] 2006
300 ## - DESCRIPCION FISICA [R]
Extensión [R] xii, 329 páginas
Otros detalles físicos [NR] ilustraciones, mapas
490 0# - MENCION DE SERIE [R]
Mención de serie [R] New perspectives in southeast Asian studies
504 ## - NOTA DE BIBLIOGRAFIA, ETC. [R]
Nota de bibliografía, etc. [NR] Incluye referencias bibliográficas e índices
630 ## - ASIENTO SECUNDARIO DE MATERIA - TITULO UNIFORME [R]
Título uniforme [NR] Movimiento 30 de Septiembre
9 (RLIN) 61035
Subdivisión geográfica [R] Indonesia
650 #7 - ASIENTO SECUNDARIO DE MATERIA - TERMINO TEMATICO [R]
Término temático o nombre geográfico como elemento de entrada [NR] Ciencia política
9 (RLIN) 340
Subdivisión general [R] Historia
Subdivisión geográfica [R] Indonesia
650 #7 - ASIENTO SECUNDARIO DE MATERIA - TERMINO TEMATICO [R]
Término temático o nombre geográfico como elemento de entrada [NR] Golpes de estado
9 (RLIN) 16491
Subdivisión general [R] Historia
Subdivisión geográfica [R] Indonesia
650 #7 - ASIENTO SECUNDARIO DE MATERIA - TERMINO TEMATICO [R]
Término temático o nombre geográfico como elemento de entrada [NR] Historia
9 (RLIN) 7695
Subdivisión geográfica [R] Indonesia
651 #4 - ASIENTO SECUNDARIO DE MATERIA - NOMBRE GEOGRAFICO [R]
Nombre geográfico [NR] Indonesia
9 (RLIN) 27012
Subdivisión general [R] Historia
690 ## - ASUNTO AGREGADO LOCAL DE ENTRADA - TÉRMINO TEMÁTICO (OCLC, RLIN)
9 (RLIN) 42844
Acceso temático local Historia de Asia
942 ## - ELEMENTOS DE ENTRADA AGREGADOS (KOHA)
Tema principal Historia
Tipo de ítem principal el descrito en 300a Libro
Edición 1
Parte restante de la signatura top. R781
Sistema de clasificación DEWEY
Clasificación 959.8036
Existencias
Total préstamos Signatura topográfica Código de barras Última vez visto Ejemplar Costo de reposición Price effective from Tipo de ítem Perdido Sistema de clasificación Dañado No prestable Tipo de ítem específico Suprimido Ubicación habitual Ubicación actual Localización Fecha de creación Proveedor Forma de adquisición Costo
  959.8036 R781 100141888 10/12/2025 Ej.1 39850.00 13/05/2014 Libro   DEWEY     Libro   Claustro Claustro 2do piso 13/05/2014 15 Compra 39850.00